| 000 | 00716nam a22001937a 4500 | ||
|---|---|---|---|
| 999 |
_c20507 _d20507 |
||
| 003 | AR-CdUCM | ||
| 008 | 190530b ||||| |||| 00| 0 spa d | ||
| 040 |
_aMUNICIPALIDAD PROVINCIAL DEL CUSCO _cBIBLIOTECA MUNICIPAL DEL CUSCO |
||
| 082 |
_a581.19 / _bM66 |
||
| 100 |
_aMitchell, John W. _942861 |
||
| 245 | _aMétodos para el estudio de hormonas vegetales y sustancias reguladoras del crecimiento / | ||
| 260 |
_aMéxico : _bTrillas, _c1973. |
||
| 300 |
_a166 páginas ; _c28 cm. _bFiguras. |
||
| 505 | _aContenido: Métodos biológicos -- Métodos físicos -- Técnicas suplementarias... | ||
| 650 |
_aHORMONAS VEGETALES _942862 |
||
| 650 |
_aENDOCRINOLOGIA _942863 |
||
| 942 |
_2ddc _cLIBROS |
||
| 945 | _aJavier | ||